000 00857nam a2200217 u 4500
001 000333945
003 AM-YeHGA
005 20250618072105.0
008 040512s1972 ai r 000 0 arm d
040 _aAM-YeHGA
041 0 _aarm
080 _aАр2
090 _aԳ-87
245 1 0 _aԱրևի քույրը :
_b[Բանաստեղծություններ] /
_cԱ. Գրաշի; Խմբ.՝ Էդ. Ավագյան; Նկ.՝ Գ.Ա. Գասպարյան.
260 _aԵրևան :
_bՀայաստան,
_c1972.
300 _a44 էջ :
_bնկ. ;
_c17 սմ.
650 1 4 _aՀայ մանկական գրականություն
_xԲանաստեղծություններ
700 1 _aԱվագյան, Էդուարդ Սամվելի,
_d1927-2010
_eխմբ.
_4edt
_91279
700 1 _aԳասպարյան, Գաստելլո Ավետիսի,
_d1941-
_eնկ.
_4art
_93220
090 _c126896
999 _c125538
_d125538